La Jerusalem libertada / (Record no. 166083)
[ view plain ]
| 000 -LEADER | |
|---|---|
| campo de control de longitud fija | 00908nam a2200217 i 4500 |
| 001 - NÚMERO DE CONTROL | |
| campo de control | 166083 |
| 003 - IDENTIFICADOR DE NÚMERO DE CONTROL | |
| campo de control | ES-MaACL |
| 005 - FECHA Y HORA DE LA ÚLTIMA TRANSACCIÓN | |
| campo de control | 20231222192053.0 |
| 008 - DATOS DE LONGITUD FIJA--INFORMACIÓN GENERAL | |
| campo de control de longitud fija | 940206s1855 sp a |||| | spa d |
| 040 ## - FUENTE DE CATALOGACIÓN | |
| Centro catalogador/agencia de origen | CAM |
| Lengua de catalogación | spa |
| Centro/agencia transcriptor | CAM |
| Centro/agencia modificador | CCPB |
| 100 1# - ENTRADA PRINCIPAL--NOMBRE DE PERSONA | |
| Nombre de persona | Tasso, Torquato ( |
| Fechas asociadas al nombre | 1544-1595) |
| 9 (RLIN) | 109373 |
| 245 13 - MENCIÓN DEL TÍTULO | |
| Título | La Jerusalem libertada / |
| Mención de responsabilidad, etc. | de Torcuato Tasso ; puesta en verso castellano ... por el ... Marqués de la Pezuela. |
| 260 ## - PUBLICACIÓN, DISTRIBUCIÓN, ETC. | |
| Lugar de publicación, distribución, etc. | Madrid : |
| Nombre del editor, distribuidor, etc. | [s.n.], |
| Fecha de publicación, distribución, etc. | 1855 ( |
| Fabricante | Por Aguado, Impresor de Cámara y de la Real Casa) |
| 300 ## - DESCRIPCIÓN FÍSICA | |
| Extensión | 2 v., [14] h. grab. ; |
| Dimensiones | 34 cm. |
| 597 ## - NOTA DE DESCRIPCIÓN FÍSICA | |
| NOTA DE DESCRIPCIÓN FÍSICA | Port. y texto enmarcado. |
| 597 ## - NOTA DE DESCRIPCIÓN FÍSICA | |
| NOTA DE DESCRIPCIÓN FÍSICA | Vol. I (XLI, 351 p., [11] h. de lám.) -- vol. II (355 p., [11] h. de lám.) |
| 599 ## - NOTA A LAS ILUSTRACIONES | |
| NOTA A LAS ILUSTRACIONES | Las h. de grab. xil.: "Karl Girardet, Best Hotelin et Cie." |
| 700 1# - ENTRADA AGREGADA--NOMBRE PERSONAL | |
| Nombre de persona | Pezuela, Juan de la, |
| Títulos y otros términos asociados al nombre | Conde de Cheste, |
| Fechas asociadas al nombre | 1809-1906 |
| 9 (RLIN) | 126476 |
| 852 ## - LOCALIZACIÓN | |
| Ubicación | ES-MaACL |
| Número de control de estantería | G-10376 |
| Nota libre | -- Enc. hol. |
| Estatus retirado | Estado de pérdida | Estado de daño | No para préstamo | Colección | Biblioteca de origen | Biblioteca actual | Ubicación en estantería | Fecha de adquisición | Fuente de adquisición | Total de préstamos | Signatura topográfica completa | Código de barras | Visto por última vez | Precio de reemplazo | Tipo de ítem Koha |
|---|---|---|---|---|---|---|---|---|---|---|---|---|---|---|---|
| Libros del s. XIX | Biblioteca del Ateneo de Madrid | Biblioteca del Ateneo de Madrid | Sala Pecera Planta 3 | 17/01/2008 | G-10376 | 1174177 | 23/02/2023 | 23/02/2023 | Libro impreso antiguo |
